000 00495nam a22001817a 4500
005 20251108172544.0
008 250721s9999 xx 000 0 ara d
082 1 4 _a818.02ناص
100 1 _aناصيف، إميل
245 1 0 _aأروع ما قيل في الرجل /
264 1 _aبيروت :
_bدار الجيل،
300 _a128 ص
650 1 7 _aالأدب العربي
650 1 7 _aالحكم ( الأمثال )
650 1 7 _aالرجال
942 _2ddc
_cBK
999 _c82431
_d82431